| 000 | 00340nam a2200109Ia 4500 | ||
|---|---|---|---|
| 008 | 171204s9999 xx 000 0 und d | ||
| 245 | _aJews and Their Foodways: Studies in Contemporary Jewry | ||
| 245 | _cAnat Helman | ||
| 260 | _c2015 | ||
| 650 | _xCulinary Arts & Sciences with Lab | ||
| 856 | _uhttp://down.ebook777.com/045/0190265426.pdf | ||
| 999 |
_c346767 _d346767 |
||